Paramilitary force: Its dynamics (Record no. 23176)
[ view plain ]
| 000 -LEADER | |
|---|---|
| fixed length control field | 00454nam a2200169Ia 4500 |
| 008 - FIXED-LENGTH DATA ELEMENTS--GENERAL INFORMATION | |
| fixed length control field | 230917s9999||||xx |||||||||||||| ||und|| |
| 020 ## - ISBN | |
| Price | RS1495 |
| 040 ## - CATALOGING SOURCE | |
| -- | 241101 |
| Original cataloging agency | VIVEKANANDA LIBRARY |
| 041 ## - Language | |
| -- | English |
| 082 ## - DDC NUMBER | |
| Classification number | 355.00954 M278P |
| 100 ## - MAIN ENTRY--PERSONAL NAME | |
| Personal name | Mahajan, S K |
| 245 #0 - TITLE STATEMENT | |
| Title | Paramilitary force: Its dynamics |
| 260 ## - PUBLICATION, DISTRIBUTION, ETC. (IMPRINT) | |
| Place of publication, distribution, etc | New Delhi |
| Name of publisher, distributor, etc | Sumit Enterprises |
| Date of publication, distribution, etc | 2015 |
| 300 ## - PHYSICAL DESCRIPTION | |
| Pages | 296 p. |
| 500 ## - GENERAL NOTE | |
| General note | 2774 13/07/2017 RBP17/66642 21/07/2017 Main Budget |
| 942 ## - ADDED ENTRY ELEMENTS (KOHA) | |
| Koha item type | Books |
| Withdrawn status | Lost status | Damaged status | Not for loan | Location (home branch) | Sublocation or collection (holding branch) | Date acquired | Koha issues (times borrowed) | Koha full call number | Accession No. | Koha date last seen | Koha item type |
|---|---|---|---|---|---|---|---|---|---|---|---|
| VIVEKANANDA LIBRARY | VIVEKANANDA LIBRARY | 14/08/2017 | 355.00954 M278P | 370885 | 17/09/2023 | Books |
